Statistics for General Knowledge - Video Games #1

Click here to take the quiz!

General Stats

  • This quiz has been taken 285 times
  • The average score is 8 of 25

Answer Stats

HintAnswer% Correct
Developer of Portal, Half-Life, Team Fortress 2Valve
86%
2009 indie sandbox game about breaking and placing blocksMinecraft
72%
1993 first-person shooter, sometimes called the "grandfather of all first-person shooters"DOOM
71%
Blue robot who absorbs defeated enemies powersMega Man
70%
1997 post-apocalyptic role-playing gameFallout
68%
Long-running japanese role-playing game series from SquaresoftFinal Fantasy
66%
Game series about the Belmont clan fighting DraculaCastlevania
64%
1994 Japanese roleplaying game starring a small boy named NessEarthbound
62%
Vulgar Nintendo 64 game about an alcoholic squirrelConker's Bad Fur Day
55%
Designer of Super Mario Bros and The Legend of ZeldaShigeru Miyamoto
41%
Annual charity speedrunning marathonAwesome Games Done Quick
33%
2010 survival horror game about exploring a castle filled with horrifying monstersAmnesia: The Dark Descent
21%
1998 point-and-click adventure game about the Mexican afterlifeGrim Fandango
21%
2008 indie game about a guy in a suit named Tim using time travel to save a princessBraid
20%
Legendary composer of the soundtracks for Super Mario Bros, The Legend of Zelda, Star Fox, and moreKoji Kondo
16%
Annual gaming convention put on by Penny ArcadePAX
11%
Video game company started by Tim SchaferDouble Fine
10%
Legendary British game designer of Populous and Dungeon KeeperPeter Molyneux
10%
1980 arcade game about defending from a nuclear strikeMissile Command
8%
Bald Canadian Let's Player known for The Binding of IsaacNorthernlion
8%
Designer and artist for Super Meat Boy and The Binding of IsaacEdmund McMillen
7%
48-hour game making competition, from Latin "To Give a Game"Ludum Dare
5%
1999 PS1 Japanese rhythm game with a crudely-drawn vector art styleVib-Ribbon
5%
Popular British 8-bit home computerZX Spectrum
5%
Long-running role-playing game series starring the AvatarUltima
2%

Score Distribution

Percentile by Number Answered

Percent of People with Each Score

Your Score History

You have not taken this quiz